Principles of macroeconomics
Designed for a one-semester college anatomy course, this book requires no prior knowledge of college chemistry or cell biology.
Bewaard in:
| Hoofdauteur: | |
|---|---|
| Formaat: | Boek |
| Taal: | Undetermined |
| Gepubliceerd in: |
Boston
McGraw-Hill
2014
|
| Onderwerpen: | |
| Tags: |
Voeg label toe
Geen labels, Wees de eerste die dit record labelt!
|
| Thư viện lưu trữ: | Trung tâm Học liệu Trường Đại học Cần Thơ |
|---|
| LEADER | 00611nam a2200181Ia 4500 | ||
|---|---|---|---|
| 001 | CTU_225002 | ||
| 008 | 210402s9999 xx 000 0 und d | ||
| 082 | |a 339 | ||
| 082 | |b C785 | ||
| 100 | |a Coppock, Lee | ||
| 245 | 0 | |a Principles of macroeconomics | |
| 245 | 0 | |c Lee Coppock, Dirk Mateer | |
| 260 | |a Boston | ||
| 260 | |b McGraw-Hill | ||
| 260 | |c 2014 | ||
| 520 | |a Designed for a one-semester college anatomy course, this book requires no prior knowledge of college chemistry or cell biology. | ||
| 650 | |a Macroeconomics.,Kinh tế vĩ mô | ||
| 980 | |a Trung tâm Học liệu Trường Đại học Cần Thơ | ||